| 000 | 005510000a22001810004500 | ||
|---|---|---|---|
| 003 | MACL | ||
| 005 | 20160531152906.0 | ||
| 008 | 160531b xxu||||| |||| 00| 0 eng d | ||
| 040 |
_aMACL _cMACL |
||
| 041 | _aHindi | ||
| 082 | _a900 JAI | ||
| 100 |
_aजैन, फूलचंद _961046 |
||
| 245 |
_aसंदर्भिका _cफूलचंद जैन |
||
| 260 |
_bकन्सेप्ट पब्लिशिंग _c1999 _aनई दिल्ली |
||
| 350 | _a250 | ||
| 650 |
_aHistory _961047 |
||
| 942 |
_cHIN _k900 _2ddc |
||
| 999 |
_c17742 _d17742 |
||